000 01420cam a22003974a 4500
999 _c5873
_d5873
001 43879431
003 OCoLC
005 20190110145745.0
007 co ugu--------
008 000425s2000 nyua 001 0 eng
010 _a00032495
020 _a0823077578
040 _aDLC
_cDLC
_dUKM
_dCOO
_dOCLCQ
_dKSU
_dUtOrBLW
042 _apcc
043 _an-us---
050 0 0 _aML3790
_b.S5 2000
082 0 0 _a338.4
_221
_bK89T
100 1 _aKrasilovsky, M. William
245 1 0 _aThis business of music :
_bthe definitive guide to the music industry /
_cM. William Krasilovsky and Sidney Shemel ; contributions by John M. Gross
250 _aEighth edition
264 1 _aNew York :
_bBillboard Books,
_c2000
300 _axviii, 558 pages :
_billustrations ;
_c24 cm +
_e1 CD-ROM (4 3/4 in.)
336 _atext
_btxt
_2rdacontent
337 _acomputer
_bc
_2rdamedia
338 _acomputer disc
_bcd
_2rdacarrier
500 _aAccompanying CD-ROM contains ready-to-print contracts
500 _a"CD-ROM version 1.0."
500 _aIncludes index
538 _aSystem requirements for accompanying CD-ROM: PC compatible computer; CD-ROM drive. See README.txt file for instalation instructions
650 0 _aMusic trade
_zUnited States
650 0 _aMusic
_xEconomic aspects
650 0 _aCopyright
_vMusic
650 0 _aPopular music
_xWriting and publishing
700 1 _aShemel, Sidney
942 _2ddc
_cBK